International law : selected documents / (Record no. 1232)

000 -LEADER
fixed length control field 01116nam a22002057a 4500
003 - CONTROL NUMBER IDENTIFIER
control field OSt
005 - DATE AND TIME OF LATEST TRANSACTION
control field 20140116120848.0
008 - FIXED-LENGTH DATA ELEMENTS--GENERAL INFORMATION
fixed length control field 130923b xxu||||| |||| 00| 0 eng d
020 ## - INTERNATIONAL STANDARD BOOK NUMBER
International Standard Book Number 9780735519701
050 ## - LIBRARY OF CONGRESS CALL NUMBER
Classification number KZ1242.5.C37 2001
100 ## - MAIN ENTRY--PERSONAL NAME
Personal name Carter, Barry E.
245 ## - TITLE STATEMENT
Title International law : selected documents /
Remainder of title Barry Carter and Philip R. Trimble .
250 ## - EDITION STATEMENT
Edition statement 2001 - 2002 Edition
260 ## - PUBLICATION, DISTRIBUTION, ETC. (IMPRINT)
Place of publication, distribution, etc Gaithersberg :
Name of publisher, distributor, etc Aspen Law and Business,
Date of publication, distribution, etc 2001
300 ## - PHYSICAL DESCRIPTION
Extent xix, 951p.
505 ## - FORMATTED CONTENTS NOTE
Formatted contents note What is international law? -- Treaties and customary international law -- International law in the United States -- International dispute resolution -- States and other major international entities -- Foreign sovereign immunity and the act of state doctrine -- Allocation of legal authority among states -- State responsibility-injuries to aliens and international human rights -- Law of the sea -- The law governing airspace, aviation, and outer space -- International environmental law -- Use of force and arms control
650 ## - SUBJECT ADDED ENTRY--TOPICAL TERM
Topical term or geographic name as entry element International law
Form subdivision Sources
700 ## - ADDED ENTRY--PERSONAL NAME
Personal name Trimble, Philip R.
942 ## - ADDED ENTRY ELEMENTS (KOHA)
Source of classification or shelving scheme
Koha item type Book
Holdings
Withdrawn status Lost status Source of classification or shelving scheme Damaged status Not for loan Home library Current library Date acquired Total Checkouts Full call number Barcode Date last seen Date checked out Price effective from Koha item type
          Riara University Library Riara University Library 23/09/2013 13 KZ1242.5.C37 2001 4347/13 07/12/2020 09/11/2020 23/09/2013 Book

Riara University Library,
P.O. Box 49940-00100,
Nairobi, Kenya.